Statystyki dla Skład finału MŚ 2010

Kliknij tutaj aby rozwiązać quiz!

Ogólne statystyki

  • Ten quiz został rozwiązany 39 razy
  • Średni wynik to 14 z 28

Statystyki odpowiedzi

DrużynyZawodnicy% Poprawnych
HiszpaniaIker Casillas
92%
Xavi
92%
Andres Iniesta
89%
David Villa
89%
Sergio Ramos
86%
Fernando Torres
83%
Arjen Robben
81%
Carles Puyol
78%
Gerard Pique
78%
Robin van Persie
78%
Xabi Alonso
69%
Sergio Busquets
67%
ZmiennicyCesc Fabregas
64%
Wesley Sneijder
58%
Pedro
56%
Nigel de Jong
47%
Jesus Navas
44%
HolandiaMaarten Stekelenburg
44%
Giovanni van Bronckhorst
36%
Joan Capdevila
25%
Mark van Bommel
22%
Rafael van der Vaart
22%
Dirk Kuijt
8%
Eljero Elia
6%
Joris Mathijsen
6%
Gregory van der Wiel
3%
Johan Heitinga
3%
ZmiennicyEdson Braafheid
0%

Rozkład punktacji

Percentyl według liczby udzielonych odpowiedzi

Procent ludzi z każdym wynikiem

Twoja historia wyników

Nie rozwiązałeś tego quizu